| 000 -LEADER |
| fixed length control field |
02977cam a2200409 i 4500 |
| 001 - CONTROL NUMBER |
| control field |
22259666 |
| 003 - CONTROL NUMBER IDENTIFIER |
| control field |
NUST |
| 005 - DATE AND TIME OF LATEST TRANSACTION |
| control field |
20240311101312.0 |
| 006 - FIXED-LENGTH DATA ELEMENTS--ADDITIONAL MATERIAL CHARACTERISTICS |
| fixed length control field |
m |o d | |
| 007 - PHYSICAL DESCRIPTION FIXED FIELD--GENERAL INFORMATION |
| fixed length control field |
cr_||||||||||| |
| 008 - FIXED-LENGTH DATA ELEMENTS--GENERAL INFORMATION |
| fixed length control field |
210923s2022 enk ob 001 0 eng |
| 010 ## - LIBRARY OF CONGRESS CONTROL NUMBER |
| LC control number |
2021046345 |
| 020 ## - INTERNATIONAL STANDARD BOOK NUMBER |
| International Standard Book Number |
9780367511463 |
| 020 ## - INTERNATIONAL STANDARD BOOK NUMBER |
| International Standard Book Number |
9781003052623 |
| Qualifying information |
(ebook) |
| 038 ## - RECORD CONTENT LICENSOR |
| Staff Name |
Malang Jan |
| 040 ## - CATALOGING SOURCE |
| Original cataloging agency |
DLC |
| Language of cataloging |
eng |
| Transcribing agency |
DLC |
| Description conventions |
rda |
| Modifying agency |
DLC |
| 042 ## - AUTHENTICATION CODE |
| Authentication code |
pcc |
| 050 00 - LIBRARY OF CONGRESS CALL NUMBER |
| Classification number |
NA2705 |
| 082 00 - DEWEY DECIMAL CLASSIFICATION NUMBER |
| Classification number |
720.284 |
| Edition number |
23 |
| Author Mark |
ROU |
| 245 04 - TITLE STATEMENT |
| Title |
The Routledge companion to architectural drawings and models : |
| Remainder of title |
from translating to archiving, collecting and displaying / |
| Statement of responsibility, etc. |
edited by Federica Goffi. |
| 264 #1 - PRODUCTION, PUBLICATION, DISTRIBUTION, MANUFACTURE, AND COPYRIGHT NOTICE |
| Place of production, publication, distribution, manufacture |
Abingdon, Oxon ; |
| -- |
New York : |
| Name of producer, publisher, distributor, manufacturer |
Routledge, |
| Date of production, publication, distribution, manufacture, or copyright notice |
2022. |
| 300 ## - PHYSICAL DESCRIPTION |
| Extent |
512p.: |
| Other physical details |
ill; |
| 336 ## - CONTENT TYPE |
| Content type term |
text |
| Content type code |
txt |
| Source |
rdacontent |
| 337 ## - MEDIA TYPE |
| Media type term |
computer |
| Media type code |
c |
| Source |
rdamedia |
| 338 ## - CARRIER TYPE |
| Carrier type term |
online resource |
| Carrier type code |
cr |
| Source |
rdacarrier |
| 504 ## - BIBLIOGRAPHY, ETC. NOTE |
| Bibliography, etc. note |
Includes bibliographical references and index. |
| 505 0# - FORMATTED CONTENTS NOTE |
| Formatted contents note |
Drawing sites/Sites of knowledge construction -- The afterlife of drawings and models -- Tools of making and knowledge construction -- The ethical responsibilities of collecting and archiving. |
| 520 ## - SUMMARY, ETC. |
| Summary, etc. |
"Architectural drawings and models are instruments of imagination, communication, and historical continuity. The role of drawings and models, their ownership, placement, and authorship in a ubiquitous digital age deserves careful consideration. Expanding on the well-established discussion of the translation from drawings to buildings, this book fills a lacuna in current scholarly publications, questioning the significance of the lives of drawings and models after construction. Including emerging, well-known and world-renowned scholars in the fields of architectural history and theory and curatorial practices, the 35 contributions define recent research in four key areas: Drawing Sites/Sites of Knowledge Construction: Drawing, Office, Construction Site; The Afterlife of Drawings and Models: Archiving, Collecting, Displaying and Exhibiting; Tools of Making: Architectural Representations and their Apparatus Over Time; The Ethical Responsibilities of Collecting and Archiving: Authorship, Ownership, Copyrights, and Rights to Copy. The research covers a wide range of geographies and delves into the practices of such architects as Sir John Soane, Superstudio, Viollet-le-Duc, Frank Lloyd Wright, Wajiro Kon, Germán Samper Gnecco, A+PS, Mies van der Rohe and Renzo Piano"-- |
| Assigning source |
Provided by publisher. |
| 588 ## - SOURCE OF DESCRIPTION NOTE |
| Source of description note |
Description based on print version record and CIP data provided by publisher. |
| 650 #0 - SUBJECT ADDED ENTRY--TOPICAL TERM |
| Topical term or geographic name entry element |
Architectural drawing. |
| 9 (RLIN) |
25520 |
| 650 #0 - SUBJECT ADDED ENTRY--TOPICAL TERM |
| Topical term or geographic name entry element |
Architectural models. |
| 9 (RLIN) |
45108 |
| 700 1# - ADDED ENTRY--PERSONAL NAME |
| Personal name |
Goffi, Federica, |
| Relator term |
editor. |
| 9 (RLIN) |
122051 |
| 776 08 - ADDITIONAL PHYSICAL FORM ENTRY |
| Relationship information |
Print version: |
| Title |
Routledge companion to architectural drawings and models |
| Place, publisher, and date of publication |
Abingdon, Oxon ; New York : Routledge, 2022 |
| International Standard Book Number |
9780367511463 |
| Record control number |
(DLC) 2021046344 |
| 906 ## - LOCAL DATA ELEMENT F, LDF (RLIN) |
| a |
7 |
| b |
cbc |
| c |
orignew |
| d |
1 |
| e |
ecip |
| f |
20 |
| g |
y-gencatlg |
| 942 ## - ADDED ENTRY ELEMENTS (KOHA) |
| Source of classification or shelving scheme |
|
| Koha item type |
Book |